000 00929pam a2200277 a 4500
008
020 _a0137262663 (hbk.)
049 _aMAIN
090 _aQA76.7 WAT
100 1 _aWatt, David A.
245 1 0 _aProgramming language syntax and semantics /
_cDavid A. Watt and Muffy Thomas.
260 _aNew York :
_bPrentice Hall,
_c1991.
300 _axvi, 389 p. :
_bill. ;
_c24 cm.
440 0 _aPrentice-Hall international series in computer science.
504 _aIncludes bibliographical references.
500 _aIncludes index.
650 0 _aProgramming languages (Electronic computers)
_xSyntax.
650 0 _aProgramming languages (Electronic computers)
_xSemantics.
650 _aProgramming languages.
700 1 _aThomas, Muffy.
907 _a.b10033762
_b26-01-07
_c17-04-03
003
005 20230123133155.0
040 _cNUST
942 _cBOOKS
_kQA76.7 WAT
999 _c144000
_d144000